000 00397nam a2200145Ia 4500
008 090124s9999 xx 000 0 und d
082 _b34500
245 _a डोळस भटकंती
250 _a1
260 _bघाणेकर प्र.के.
_c2008
300 _a222
630 _a डोळस भटकंती
730 _a डोळस भटकंती
942 _cBOOK
999 _c200432
_d200432